Nation of nations : (Record no. 17052)

000 -LEADER
fixed length control field 00584cam a2200169 a 4500
020 ## - INTERNATIONAL STANDARD BOOK NUMBER
ISBN 0073033758 (acidfree paper)
020 ## - INTERNATIONAL STANDARD BOOK NUMBER
ISBN 9780073033754 (acidfree paper)
040 ## - CATALOGING SOURCE
Transcribing agency DLC
082 00 - DEWEY DECIMAL CLASSIFICATION NUMBER
Classification number 973 HIL 1999 A087 Or.
245 00 - TITLE STATEMENT
Title Nation of nations :
Remainder of title a concise narrative of the American republic /
250 ## - EDITION STATEMENT
Edition statement 2nd ed.
260 ## - PUBLICATION, DISTRIBUTION, ETC. (IMPRINT)
Place of publication Boston :
Name of publisher McGraw-Hill,
Year of publication c1999.
300 ## - PHYSICAL DESCRIPTION
Number of Pages xxxii, 955 p. :
Other physical details ill., col. maps ;
Dimensions 24 cm.
500 ## - GENERAL NOTE
General note Adapted from Nation of nations: a narrative history of the American republic, 2nd ed. c1994.
700 1# - ADDED ENTRY--PERSONAL NAME
Personal name Davidson, James West.
942 ## - ADDED ENTRY ELEMENTS (KOHA)
Koha item type សៀវភៅភាសាអង់គ្លេស
952 ## - LOCATION AND ITEM INFORMATION (KOHA)
Withdrawn status [LOCAL, KOHA] 0
Holdings
Permanent Location Date acquired Koha item type Lost status Shelving location Barcode Current Location Full call number
Library Block A2018-07-23សៀវភៅភាសាអង់គ្លេស A087A16880Library Block A973 HIL 1999 A087 Or.
មជ្ឈមណ្ឌលឯការនៃសាកលវិទ្យាល័យភូមិន្ទកសិកម្មចំការដូង

Powered by Koha